000 00650nam a2200253Ia 4500
003 OSt
005 20220912151503.0
006 a|||||r|||| 00| 0
007 ta
008 220909b |||||||| |||| 00| 0 eng d
024 _a28896
037 _cTextual
040 _aCSL
_beng
_cCSL
041 _aeng
082 _aB25, M1
100 _aDouwen Erick K Van
245 0 _aDissertationes mathematicae
260 _aWaeszawa
_bPanstwowe Wydawnictwo Naukowe
_c1981
300 _a50p.
_ccm.
650 _a Higher algebra
650 _aMathematics
942 _hB25, M1
_cTEXL
_2CC
999 _c69692
_d69692